| 000 | 00404nam a22001457a 4500 | ||
|---|---|---|---|
| 999 |
_c15334 _d15334 |
||
| 082 |
_a631.7 _bSEL/PE |
||
| 100 |
_aSELVAN, P _92328 |
||
| 245 | _aPerformance evaluation of sprinkler heads | ||
| 260 |
_aTavanur _bKelappaji College of Agricultural Engineering and Technology _c1990 |
||
| 300 | _a88 | ||
| 500 | _aproject report | ||
| 520 | _aproject report | ||
| 650 |
_aproject report _92985 |
||
| 942 | _cPR | ||